Missing Word: 'I' Song Endings Quiz Stats

 Plays Quiz Updated Jun 27, 2017

Support Sporcle.
Go Orange.
Score 0/20 Timer 03:00
3 Plays Today
Song Missing Word % Correct
Cold as _____Ice
98.2%
Ebony and _____Ivory
86.5%
Beat _____It
84.4%
Theme from Mission: _____Impossible
83.9%
Poison _____Ivy
82.4%
American _____Idiot
76.8%
Disco _____Inferno
57.4%
Devil _____Inside
52.5%
Feel Good _____.Inc
52.4%
Sweet and _____Innocent
49.8%
Song Missing Word % Correct
The Girl from _____Ipanema
46.5%
Simply _____Irresistible
43.8%
Miss _____Independent
43.1%
Living on an _____Island
37.7%
(You're My) Soul and _____Inspiration
33.1%
I've Got to Use My _____Imagination
32.5%
My _____Immortal
31.9%
I'll Cry _____Instead
17.9%
Perfect _____Illusion
17.5%
Love _____Interruption
6.6%

Today's Daily Dose

You're not logged in!

Compare scores with friends on all Sporcle quizzes.
OR
Log In
Forgot?

From the Vault

Kansas Typing Challenge

by KansasJayhawk

I have a feeling we're not in Kansas anymore.
Remove Ads.
Support Sporcle.
Get the best of Sporcle when you Go Orange. This ad-free experience offers more features, more stats, and more fun while also helping to support Sporcle. Thank you for becoming a member.

Show Comments

Extras

Top Quizzes Today


Score Distribution

Your Account Isn't Verified!

In order to create a playlist on Sporcle, you need to verify the email address you used during registration. Go to your Sporcle Settings to finish the process.

Report this User

Report this user for behavior that violates our Community Guidelines.

Details: